Online
Catalog

El manuscrito de Huarochirí : (Record no. 38873)

MARC details
000 -CABECERA
campo de control de longitud fija 00660nam a2200169 a 4500
001 - NÚMERO DE CONTROL
campo de control 000039383
005 - FECHA Y HORA DE LA ÚLTIMA TRANSACCIÓN
campo de control 20201002031626.0
008 - DATOS DE LONGITUD FIJA--INFORMACIÓN GENERAL
campo de control de longitud fija 130625s2011 sp a 000 0 spa d
020 ## - NÚMERO INTERNACIONAL ESTÁNDAR DEL LIBRO
Número Internacional Estándar del Libro 9788499402581
040 ## - FUENTE DE LA CATALOGACIÓN
Centro catalogador/agencia de origen DO-SdBNP
Lengua de catalogación spa
Centro/agencia transcriptor BNPHU
082 ## - NÚMERO DE LA CLASIFICACIÓN DECIMAL DEWEY
Número de clasificación xxx
Número de documento/Ítem M294
245 03 - MENCIÓN DE TÍTULO
Título El manuscrito de Huarochirí :
Resto del título libro sagrado de los Andes peruanos /
Mención de responsabilidad, etc. versión bilingüe quechua-castellano de José María Arguedas ; edición y estudio José Ignacio Úzquiza González.
260 ## - PUBLICACIÓN, DISTRIBUCIÓN, ETC.
Lugar de publicación, distribución, etc. Madrid :
Nombre del editor, distribuidor, etc. Biblioteca Nueva,
Fecha de publicación, distribución, etc. 2011.
300 ## - DESCRIPCIÓN FÍSICA
Extensión 480 p. :
Otras características físicas il. ;
Dimensiones 25 cm+
Material acompañante/anejo cd-rom
700 1# - PUNTO DE ACCESO ADICIONAL--NOMBRE DE PERSONA
Nombre de persona Arguedas, José María.
9 (RLIN) 24136
700 1# - PUNTO DE ACCESO ADICIONAL--NOMBRE DE PERSONA
Nombre de persona Úzquiza González, José Ignacio
9 (RLIN) 65591
Holdings
Estado de retiro Estado de pérdida Restricciones de uso No para préstamo Código de colección Localización permanente Ubicación/localización actual Ubicación en estantería Fecha de adquisición Número de inventario Total de préstamos Signatura topográfica completa Código de barras Fecha visto por última vez Precio válido a partir de Tipo de ítem Koha
      Excluido de préstamo Monografías: Libros y Folletos General General En catalogación 25.06.2013 LF1   xxx M294 39383-10 25.06.2020 25.06.2020 No se presta

Powered by Koha